MARC

LEADER 00000nab a2200000 a 4500
001 vtls000804532
003 SK-MaSNL
005 20260426063205.0
008 140423c2002 xo 0 slo
015 |a SNBRB2002/09-26801 
035 |a CLN000156187 
040 |a SNKBUCL  |b slo  |c SNKBUCL  |e AACR2 
041 0 |a slo 
044 |a xo  |c SK 
080 |a 793.31.091.4  |2 1997 
080 |a 784.4  |2 1997 
080 |a 785.12  |2 1997 
100 1 |a Móži, Alexander,  |d 1936-2008  |4 aut  |9 118400 
245 1 0 |a S novými predsavzatiami  |c Alexander Móži 
611 1 7 |a Oživené tance  |d 2002  |c Bratislava, Slovensko  |2 SNKKA  |9 1285196 
648 7 |a 2002  |2 SNK  |9 299607 
650 0 7 |a ľudové tance  |2 SNKPH  |9 3311 
650 0 7 |a ľudové piesne  |2 SNKPH  |9 1941 
650 0 7 |a ľudová hudba  |2 SNKPH  |9 3183 
650 0 7 |a folklórne súbory  |2 SNKPH  |9 28685 
650 0 7 |a festivaly  |2 SNKPH  |9 3406 
651 7 |a Bratislava (Slovensko)  |2 SNKPHgeo  |9 14568 
651 7 |a Košice (Slovensko)  |2 SNKPHgeo  |9 18694 
655 7 |a články z novín a časopisov  |2 SNK  |9 267496 
773 0 |t Literárny týždenník  |g Roč. 15, č. 20 (2002), s. 11  |x 0862-5999 
850 |a Slovenská národná knižnica v Martine 
852 |a SNK  |b KIS3GCP 
958 |a SK 
992 |a RBX 
999 |c 2553539  |d 2555469